Hajime là số 1 : Truyện tranh Tập 7

Câu chuyện kể về 5 cậu bé trong một gia đình nghèo khó, đột nhiên lọt vào mắt xanh của một công ty sản xuất băng dĩa chuyên lăng xê thần tượng ca nhạc. Thế giới phức tạp của ngành giải trí đã gây ra bao nhiêu rắc rối cho những cậu bé mơ...

وصف كامل

محفوظ في:
التفاصيل البيبلوغرافية
المؤلف الرئيسي: Watanabe, Taeko
مؤلفون آخرون: Lạc Nhân (Dịch)
التنسيق: كتاب
اللغة:Vietnamese
منشور في: Tp. Hồ Chí Minh Trẻ 2009
الموضوعات:
الوسوم: إضافة وسم
لا توجد وسوم, كن أول من يضع وسما على هذه التسجيلة!
Thư viện lưu trữ: Thư viện Trường Đại học Nam Cần Thơ
LEADER 01317nam a22002057a 4500
001 NCT_4_005636
008 240306b xxu||||| |||| 00| 0 vie d
999 |c 8170  |d 8170 
020 |c 14000 
082 0 4 |2 23rd ed.  |a 895.63  |b T111/T.7 
100 1 |a Watanabe, Taeko 
245 1 0 |a Hajime là số 1 :  |b Truyện tranh   |n Tập 7  |c Watanabe Taeko ; Lạc Nhân (Dịch) 
260 |a Tp. Hồ Chí Minh  |b Trẻ  |c 2009 
300 |a 186 tr.  |b Tranh vẽ  |c 18cm 
520 3 |a Câu chuyện kể về 5 cậu bé trong một gia đình nghèo khó, đột nhiên lọt vào mắt xanh của một công ty sản xuất băng dĩa chuyên lăng xê thần tượng ca nhạc. Thế giới phức tạp của ngành giải trí đã gây ra bao nhiêu rắc rối cho những cậu bé mới chân ướt chân ráo này và cô chị Hajime tuy đanh đá dữ dằn nhưng laị rất thương em, cứ phải đứng ra giải quyết.  
653 |a Tham khảo 
700 0 |a Lạc Nhân   |e Dịch 
942 |2 ddc  |c BK 
952 |0 0  |1 0  |2 ddc  |4 0  |6 895_630000000000000_T111_T_7  |7 0  |9 28718  |a 000001  |b 000001  |d 2024-03-06  |o 895.63 T111/T.7  |p TK.03924  |r 2024-03-06  |v 14000.00  |w 2024-03-06  |y BK 
980 |a Thư viện Trường Đại học Nam Cần Thơ